Socio economic surveys of girls service in central govt.offices ,residing in vinay nagar colony , New Delhi-3 (Record no. 1439513)

MARC details
000 -LEADER
fixed length control field 00552nam a2200181Ia 4500
005 - DATE AND TIME OF LATEST TRANSACTION
control field 20250923144504.0
008 - FIXED-LENGTH DATA ELEMENTS--GENERAL INFORMATION
fixed length control field 008 250917s9999 xx 000 0 eng d
037 ## - SOURCE OF ACQUISITION
Stock number Textual
040 ## - CATALOGING SOURCE
Original cataloging agency DSWL
Language of cataloging eng
Transcribing agency DSWL
041 ## - LANGUAGE CODE
Language code of text/sound track or separate title eng
Source of code eng
084 ## - COLON CLASSIFICATION NUMBER
Assigning agency DSWL
100 ## - MAIN ENTRY--PERSONAL NAME
Personal name Richards, M.D.
9 (RLIN) 825405
245 #0 - TITLE STATEMENT
Title Socio economic surveys of girls service in central govt.offices ,residing in vinay nagar colony , New Delhi-3
Statement of responsibility, etc. by M.D. Richards
260 ## - PUBLICATION, DISTRIBUTION, ETC.
Place of publication, distribution, etc. New Delhi
Date of publication, distribution, etc. 1954
300 ## - PHYSICAL DESCRIPTION
Extent iv,82p.
942 ## - ADDED ENTRY ELEMENTS (KOHA)
Koha item type Textual
Holdings
Withdrawn status Lost status Damaged status Not for loan Home library Current library Date acquired Total Checkouts Barcode Date last seen Price effective from Koha item type
        Department of Social Work Library Department of Social Work Library 2025-09-23   SW0003676 2025-09-23 2025-09-23 Textual
Copyright @ Delhi University Library System